Score 0/20 Timer 04:00
1 Play Today
Question Answer Wrong Answers
Bibliophile Books
82.9%
Bookcases
1.4%
Paintings
0.7%
Book Covers
2.3%
Oologist Eggs
70.3%
Cheese
2.3%
Feathers
11.8%
Chocolates
2.3%
Philatelist Stamps
69.7%
Books
4.9%
Stones
6.8%
Coins
5.1%
Digitabulist Thimbles
69.3%
Needles
8.1%
Threads
4%
Scissors
4.9%
Lepidopterist Butterflies
66.6%
Birds
3.4%
Spiders
5.6%
Dragonflies
10.7%
Brolliologist Umbrellas
62.5%
Hats
11.8%
Coats
5.5%
Shoes
6.1%
Numismatist Coins
61%
Stamps
13.9%
Digital Cameras
6.2%
Jewelery
5.6%
Philographist Autographs
59.8%
Pens
15.6%
Graphics Tablets
5.4%
Books
5.6%
Deltiologist Postcards
56.6%
Pictures of Children
5.6%
Bank Statements
12.2%
Tax Assessments
11%
Laclabphilist Cheese Labels
55.6%
Sugar Labels
12.9%
Honey Labels
10.7%
Meat Labels
6.2%
Cochlearist Spoons
51%
Forks
14.8%
Knives
5.5%
Frying Pans
14.4%
Pernalogist Pearls
50.4%
Ambers
15.8%
Rubies
9.8%
Turquoises
9.4%
Cumyxaphilist Matchboxes
49.1%
Red Boxes
5.2%
Sugar Boxes
10.4%
Honey Pots
20.3%
Copoclephilist Keyrings
48.9%
Cop Helmets
14.5%
Cellphones
9.4%
Coins
13%
Grabatologist Ties
37.6%
Bows
10.3%
Chokers
22.3%
Scarfs
15.5%
Machirologist Knives
34.4%
Forks
19.9%
Spoons
9.3%
Plates
22.1%
Labeorphilist Beer Bottles
33.5%
Corkscrews
18.5%
Cheese Labels
15%
Fridge Magnets
18.4%
Arctophilist Teddy Bears
33.2%
Postcards
24.5%
Stuffed Rabbits
13.6%
Legs of Rabbits
14.3%
Plangonologist Dolls
26.1%
Teddy Bears
8%
Leaves
34.9%
Flowers
16.9%
Vecturist Transport Tokens
24.4%
Maps
33.5%
Globes
18.5%
Car Models
9.3%
Remove Ads.
Support Sporcle.
Get the best of Sporcle when you Go Orange. This ad-free experience offers more features, more stats, and more fun while also helping to support Sporcle. Thank you for becoming a member.

You're not logged in!

Compare scores with friends on all Sporcle quizzes.
OR
Log In

Show Comments

Extras

Top Quizzes Today


Score Distribution

Your Account Isn't Verified!

In order to create a playlist on Sporcle, you need to verify the email address you used during registration. Go to your Sporcle Settings to finish the process.

Report this User

Report this user for behavior that violates our Community Guidelines.

Details: